Statistics for Kenya County Flags

Click here to take the quiz!

General Stats

  • This quiz has been taken 6 times
  • The average score is 4 of 7

Answer Stats

Answer% Correct
Bomet
100%
Laikipia
83%
Nyandarua
83%
Nairobi
67%
Meru
50%
Taita-Taveta
33%
Kiambu
17%

Score Distribution

Percentile by Number Answered

Percent of People with Each Score

Your Score History

You have not taken this quiz